LEADER 01407nam a2200229 i 4500 001 000000027497 003 CaOOAMICUS 005 20230518115545.0 008 180830s1762 it u000 u lat u 040 $aSeMil$bita 100 1 $aBurckard von Heilig, Nikolaus.$0(OLS)http://semarc/name/12480 245 10$aAlphabetum morale seu Theologia moralis casibus conscientiae ordine alhpabetico [!] elucidata ... Authore admodum rev. patre Brocardo a S. Nicolao, ordinis ff. beatissime virginis Mariae de Monte Carmelo ... Tomus 1. [-2.]. 260 $aVenetiis :$bEx Officina Antonii Bassanesii,$c1762. 300 $a2 v. ;$c8°. 500 $aDront. del vol. 1 stampato in rosso e nero. - Fregio xilogr. sui front. - Cors. ; rom. 650 4$aTeologia morale - Casi di coscienza.$0(OLS)http://semarc/subject/2481 700 1 $aBassanesi, Antonio,$c.$0(OLS)http://semarc/name/12481 774 0 $aBurckard von Heilig, Nikolaus$tTomus 1.$g1$w()50677 774 0 $aBurckard von Heilig, Nikolaus$tTomus 2.$g2$w()217568 996 $6245$aAlphabetum morale seu Theologia moralis casibus conscientiae ordine alhpabetico [!] elucidata ... Authore admodum rev. patre Brocardo a S. Nicolao, ordinis ff. beatissime virginis Mariae de Monte Carmelo ... Tomus 1. [-2.]$9(OLS)http://semarc/title/37224 996 $6260$aVenetiis :$bEx Officina Antonii Bassanesii$9(OLS)http://semarc/publisher/37312 LEADER 01015nam a2200205 i 4500 001 000000029263 003 CaOOAMICUS 005 20180830125448.0 008 180830s1901 gw u000 u und u 040 $aSeMil$bita 100 1 $aSchürer, Emil <1844-1910>.$0(OLS)http://semarc/name/2379 245 10$aGeschichte des Jüdischen volkes im zeitalter Jesu Christi /$cvon D. Emil Schürer. 260 $aLeipzig :$bHinrichs'sche Buchhandlung,$c1901. 300 $av. ;$c24 cm. 650 4$aEbrei - Storia.$0(OLS)http://semarc/subject/4633 774 0 $tEinleitung und politische geschichte.$bdritte und vierte auflage.$gErster band$w()225722 774 0 $tInneren zustände.$bvierte auflage.$gZweiter band$w()225723 774 0 $tJudentum in der zerstreuung und die jüdische literatur.$bvierte auflage.$gDritter band$w()225724 996 $6245$aGeschichte des Jüdischen volkes im zeitalter Jesu Christi$9(OLS)http://semarc/title/39740 996 $6260$aLeipzig :$bHinrichs'sche Buchhandlung$9(OLS)http://semarc/publisher/33281